Loading...
| Literature - World/Other Literature | 0 | 3 | 0 | 0 | 30 | 121 | 133.67 | 0 | 1 |
| Mythology | 0 | 2 | 0 | 0 | 20 | 84 | 105.00 | 0 | 1 |
| Science - Physics | 0 | 2 | 1 | 2 | 15 | 114 | 115.00 | 0 | 1 |
| Fine Arts - Other Fine Arts | 0 | 1 | 0 | 0 | 10 | 122 | 122.00 | 0 | 1 |
| Literature - European Literature | 0 | 0 | 0 | 0 | 0 | 0.00 | 0 | 0 | |
| History - European History | 0 | 0 | 0 | 0 | 0 | 0.00 | 0 | 0 | |
| Literature - British Literature | 0 | 0 | 0 | 0 | 0 | 0.00 | 0 | 0 | |
| Religion | 0 | 1 | 2 | 0 | 0 | 129 | 129.00 | 0 | 0 |
| Philosophy | 0 | 0 | 0 | 0 | 0 | 0.00 | 0 | 0 | |
| Science - Chemistry | 0 | 0 | 1 | 0 | -5 | 0.00 | 0 | 0 | |
| Literature - American Literature | 0 | 0 | 1 | 0 | -5 | 0.00 | 0 | 0 |